[Event "SWE-chT2 1314"]
[Site "Sweden"]
[Date "2014.01.19"]
[Round "5"]
[White "Palmblad, Jan Peter"]
[Black "Hammar, Ulf"]
[Result "1-0"]
[WhiteElo "2148"]
[BlackElo "2189"]
[PlyCount "97"]
[EventDate "2013.11.22"]
[EventType "team-tourn"]
[EventRounds "9"]
[EventCountry "SWE"]
[SourceTitle "EXT 2015"]
[Source "ChessBase"]
[SourceDate "2014.11.20"]
[SourceVersion "1"]
[SourceVersionDate "2014.11.20"]
[SourceQuality "1"]
[WhiteTeam "Kungstornet"]
[BlackTeam "Umea Rockaden"]
[WhiteTeamCountry "SWE"]
[BlackTeamCountry "SWE"]

1. e4 e6 2. d4 d5 3. Nc3 Bb4 4. e5 c5 5. a3 Bxc3+ 6. bxc3 Ne7 7. Qg4 0-0 8. Nf3 Nbc6 9. Bd3 f5 10. exf6 Rxf6 11. Ne5 Nxe5 12. dxe5 Rf7 13. Bg5 c4 14. Be2 Qc7 15. Bxe7 Rxe7 16. Qd4 Bd7 17. 0-0 Ba4 18. Ra2 Rf7 19. f4 Qb6 20. Qxb6 axb6 21. Bg4 Re8 22. Rb2 b5 23. g3 Kf8 24. Kf2 Ke7 25. h4 Rg8 26. Ke2 g6 27. Bh3 h6 28. Ke3 g5 29. hxg5 hxg5 30. f5 exf5 31. Rxf5 Rh7 32. Bg4 Rh2 33. e6 Rf8 34. Rxd5 Rf1 35. Rd7+ Ke8 36. Kd4 Rd2+ 37. Ke3 Rxd7 38. exd7+ Kd8 39. Bh3 Ra1 40. Kd4 Rg1 41. Bf5 Rxg3 42. Rb1 Rf3 43. Be6 Rf6 44. Ke5 Rf8 45. Kd6 Rh8 46. Rg1 Rh5 47. Rf1 Rh8 48. Rf5 g4 49. Rc5 1-0

[Event "SWE-chT2 1314"]
[Site "Sweden"]
[Date "2013.11.24"]
[Round "3"]
[White "Bengtsson, Jonas"]
[Black "Hammar, Ulf"]
[Result "1-0"]
[WhiteElo "2096"]
[BlackElo "2189"]
[PlyCount "71"]
[EventDate "2013.11.22"]
[EventType "team-tourn"]
[EventRounds "9"]
[EventCountry "SWE"]
[SourceTitle "EXT 2015"]
[Source "ChessBase"]
[SourceDate "2014.11.20"]
[SourceVersion "1"]
[SourceVersionDate "2014.11.20"]
[SourceQuality "1"]
[WhiteTeam "Manhem II"]
[BlackTeam "Umea Rockaden"]
[WhiteTeamCountry "SWE"]
[BlackTeamCountry "SWE"]

1. d4 d5 2. c4 c6 3. Nf3 Nf6 4. Nc3 dxc4 5. a4 Bf5 6. Ne5 Nbd7 7. Nxc4 Nb6 8. Ne5 a5 9. g3 e6 10. Bg2 Bb4 11. 0-0 0-0 12. e3 h6 13. Qe2 Bh7 14. Rd1 Nfd7 15. Nxd7 Nxd7 16. e4 Qe7 17. Be3 e5 18. dxe5 Nxe5 19. Na2 Bc5 20. Rac1 Bxe3 21. Qxe3 Qe6 22. b3 Rad8 23. h3 Nd7 24. Rc4 Nf6 25. Rcd4 Rxd4 26. Rxd4 Re8 27. f3 b5 28. Qd3 Qe5 29. Kh2 c5 30. Rd6 c4 31. bxc4 bxc4 32. Qd2 Nh5 33. f4 Qe7 34. Nc3 Qa7 35. g4 Nf6 36. e5 1-0

[Event "SWE-chT 1213"]
[Site "Sweden"]
[Date "2012.12.01"]
[Round "4"]
[White "Cramling, Dan"]
[Black "Hammar, Ulf"]
[Result "1-0"]
[WhiteElo "2360"]
[BlackElo "2193"]
[PlyCount "95"]
[EventDate "2012.10.05"]
[EventType "team-tourn"]
[EventRounds "9"]
[EventCountry "SWE"]
[SourceTitle "EXT 2014"]
[Source "ChessBase"]
[SourceDate "2013.11.20"]
[SourceVersion "1"]
[SourceVersionDate "2013.11.20"]
[SourceQuality "1"]
[WhiteTeam "Viking"]
[BlackTeam "Umea Rockaden"]
[WhiteTeamCountry "SWE"]
[BlackTeamCountry "SWE"]

1. Nf3 d5 2. d4 c6 3. c4 Nf6 4. Nc3 dxc4 5. a4 Bf5 6. Nh4 e6 7. Nxf5 exf5 8. e3 Bb4 9. Bxc4 0-0 10. 0-0 Nbd7 11. Qc2 g6 12. f3 Rc8 13. Qf2 c5 14. Ba2 Re8 15. Kh1 Nb6 16. a5 Bxa5 17. dxc5 Rxc5 18. e4 Bb4 19. Bg5 Rc6 20. exf5 Bxc3 21. bxc3 Qd3 22. fxg6 hxg6 23. Qh4 Nfd5 24. Rad1 Qa6 25. Bxd5 Nxd5 26. Qd4 Nc7 27. Bh6 Ne6 28. Qf6 Rd6 29. Ra1 Qb5 30. Rfe1 Qf5 31. Qxf5 gxf5 32. Rxa7 Red8 33. Rxb7 f4 34. h3 Kh7 35. Bxf4 Rc6 36. Be5 Kg6 37. Re3 f6 38. Bg3 f5 39. Be5 f4 40. Re1 Rd5 41. Kh2 Rd2 42. Rb4 Kf5 43. Rb5 Ng5 44. Kh1 Rc4 45. Bd4+ Kg6 46. Rb6+ Kh5 47. Re5 Ra4 48. h4 1-0

[Event "SWE-chT 1213"]
[Site "Sweden"]
[Date "2012.10.05"]
[Round "1"]
[White "Semcesen, Daniel"]
[Black "Hammar, Ulf"]
[Result "1/2-1/2"]
[WhiteElo "2471"]
[BlackElo "2193"]
[PlyCount "121"]
[EventDate "2012.10.05"]
[EventType "team-tourn"]
[EventRounds "9"]
[EventCountry "SWE"]
[SourceTitle "EXT 2014"]
[Source "ChessBase"]
[SourceDate "2013.11.20"]
[SourceVersion "1"]
[SourceVersionDate "2013.11.20"]
[SourceQuality "1"]
[WhiteTeam "LASK"]
[BlackTeam "Umea Rockaden"]
[WhiteTeamCountry "SWE"]
[BlackTeamCountry "SWE"]

1. d4 d5 2. c4 c6 3. Nf3 Nf6 4. Qc2 dxc4 5. e4 b5 6. b3 cxb3 7. axb3 Bg4 8. Nbd2 e6 9. Bd3 Bxf3 10. Nxf3 Bb4+ 11. Ke2 h6 12. h3 Qe7 13. Be3 0-0 14. g4 Nbd7 15. Rhg1 e5 16. g5 hxg5 17. Rxg5 Nh7 18. Rg3 c5 19. dxe5 Nxe5 20. Rag1 g6 21. Bxb5 Rfd8 22. Nxe5 Qxe5 23. Bc4 Nf8 24. Rg5 Qe7 25. e5 Kg7 26. h4 Rab8 27. Rf5 Ne6 28. Rf6 Rd2+ 29. Qxd2 Bxd2 30. Bxe6 Bxe3 31. fxe3 Rh8 32. Rxf7+ Qxf7 33. Bxf7 Kxf7 34. Rg4 Rh5 35. Ra4 Ke6 36. Rxa7 Rxh4 37. Ra5 Rb4 38. Rxc5 Rxb3 39. Kf3 Rb4 40. Ra5 Rc4 41. Ra6+ Kxe5 42. Rxg6 Ra4 43. Rh6 Rb4 44. Ra6 Kf5 45. Ra5+ Kf6 46. Ra6+ Ke5 47. Ra8 Ke6 48. Re8+ Kf7 49. Re4 Rxe4 50. Kxe4 Ke6 51. Kf4 Kf6 52. Ke4 Ke6 53. Kd4 Kd6 54. e4 Ke6 55. e5 Ke7 56. Kd5 Kd7 57. e6+ Ke7 58. Ke5 Ke8 59. Kd6 Kd8 60. e7+ Ke8 61. Ke6 1/2-1/2

[Event "SWE-chT2 1011"]
[Site "Sweden"]
[Date "2011.03.13"]
[Round "9"]
[White "Bende, Tobias"]
[Black "Hammar, Ulf"]
[Result "0-1"]
[WhiteElo "2174"]
[BlackElo "2229"]
[PlyCount "110"]
[EventDate "2010.10.23"]
[EventType "team-tourn"]
[EventRounds "9"]
[EventCountry "SWE"]
[SourceTitle "EXT 2012"]
[Source "ChessBase"]
[SourceDate "2011.11.24"]
[SourceVersion "1"]
[SourceVersionDate "2011.11.24"]
[SourceQuality "1"]
[WhiteTeam "Majorna"]
[BlackTeam "Umea Rockaden"]
[WhiteTeamCountry "SWE"]
[BlackTeamCountry "SWE"]

1. d4 d5 2. c4 c6 3. Nf3 Nf6 4. Nc3 dxc4 5. a4 Bf5 6. Ne5 Nbd7 7. Nxc4 Nb6 8. Ne5 a5 9. e3 h6 10. h4 Bh7 11. Qf3 e6 12. Bd3 Bxd3 13. Nxd3 Nfd5 14. Ne5 Qf6 15. Qxf6 gxf6 16. Nxd5 Nxd5 17. Nd3 Nb4 18. Nxb4 Bxb4+ 19. Bd2 Bxd2+ 20. Kxd2 Rg8 21. g3 e5 22. Kc3 0-0-0 23. Rhd1 Rg4 24. dxe5 fxe5 25. b3 f5 26. Rac1 h5 27. Rd3 Rdg8 28. Rcd1 f4 29. exf4 exf4 30. gxf4 Rxf4 31. Rd7 Rxf2 32. Rh7 Rg3+ 33. Rd3 Rxd3+ 34. Kxd3 Rf3+ 35. Kc2 Rf5 36. Kd3 Kb8 37. Kc3 Ka7 38. Kd3 Kb6 39. Kc3 Rf3+ 40. Kc2 Rf2+ 41. Kc3 Rf5 42. Kd3 Kc5 43. Kc3 b6 44. Rh6 b5 45. axb5 cxb5 46. Rh8 Rf3+ 47. Kc2 Kb4 48. Rxh5 Rc3+ 49. Kd2 Rxb3 50. Rg5 a4 51. h5 Rh3 52. Kc2 Rh4 53. Kb2 a3+ 54. Ka2 Ka4 55. Rf5 b4 0-1

[Event "SWE-chT2 1011"]
[Site "Sweden"]
[Date "2011.03.12"]
[Round "8"]
[White "Franzen, Johannes"]
[Black "Hammar, Ulf"]
[Result "1/2-1/2"]
[WhiteElo "2094"]
[BlackElo "2229"]
[PlyCount "88"]
[EventDate "2010.10.23"]
[EventType "team-tourn"]
[EventRounds "9"]
[EventCountry "SWE"]
[SourceTitle "EXT 2012"]
[Source "ChessBase"]
[SourceDate "2011.11.24"]
[SourceVersion "1"]
[SourceVersionDate "2011.11.24"]
[SourceQuality "1"]
[WhiteTeam "Malmo"]
[BlackTeam "Umea Rockaden"]
[WhiteTeamCountry "SWE"]
[BlackTeamCountry "SWE"]

1. d4 d5 2. Nf3 Nf6 3. g3 c6 4. Bg2 Bf5 5. 0-0 e6 6. c3 Be7 7. Bg5 h6 8. Bxf6 Bxf6 9. Qb3 Qb6 10. Nbd2 0-0 11. Rfe1 Nd7 12. e4 Bg6 13. exd5 cxd5 14. Ne5 Qxb3 15. axb3 Nxe5 16. dxe5 Be7 17. b4 a6 18. Nb3 Rfc8 19. Nd4 Bd8 20. Bf1 Bb6 21. Red1 Bh5 22. Rd2 Bc7 23. f4 a5 24. bxa5 Bxa5 25. Kg2 Bb6 26. Rxa8 Rxa8 27. Be2 Bg6 28. Bd3 Bxd3 29. Rxd3 Ra2 30. Rd2 Bxd4 31. cxd4 g5 32. fxg5 hxg5 33. Kf3 Kg7 34. Kg4 Kg6 35. h4 gxh4 36. gxh4 Ra1 37. h5+ Kg7 38. Rd3 b5 39. Rb3 Ra4 40. Rd3 Kh6 41. b3 Ra1 42. Rf3 Rg1+ 43. Kh4 Rh1+ 44. Kg4 Rg1+ 1/2-1/2

[Event "SWE-chT2 1011"]
[Site "Sweden"]
[Date "2010.12.04"]
[Round "3"]
[White "Hammar, Ulf"]
[Black "Laksman, Efraim"]
[Result "1-0"]
[WhiteElo "2229"]
[BlackElo "2186"]
[PlyCount "81"]
[EventDate "2010.10.23"]
[EventType "team-tourn"]
[EventRounds "9"]
[EventCountry "SWE"]
[SourceTitle "EXT 2012"]
[Source "ChessBase"]
[SourceDate "2011.11.24"]
[SourceVersion "1"]
[SourceVersionDate "2011.11.24"]
[SourceQuality "1"]
[WhiteTeam "Umea Rockaden"]
[BlackTeam "Rodeby"]
[WhiteTeamCountry "SWE"]
[BlackTeamCountry "SWE"]

1. d4 Nf6 2. Bg5 c5 3. Bxf6 gxf6 4. d5 Qb6 5. Qc1 e6 6. c4 f5 7. Nc3 Na6 8. Nh3 e5 9. e3 Qg6 10. a3 Nc7 11. Qc2 d6 12. 0-0-0 Bd7 13. Bd3 0-0-0 14. Rhg1 Qh5 15. Qb1 Kb8 16. Ne2 f4 17. exf4 Bxh3 18. gxh3 Bh6 19. Qc2 exf4 20. Kb1 Qxh3 21. Nc3 Rhg8 22. Bf5 Qh5 23. h3 Rxg1 24. Rxg1 a6 25. Ka2 Re8 26. Bd7 Rd8 27. Ba4 f5 28. Re1 Bg7 29. Qb3 Qf7 30. Qb6 Bf6 31. f3 Na8 32. Qb3 Be5 33. Ne2 Ka7 34. Nc1 Qg7 35. Nd3 Qg3 36. Nxc5 Nb6 37. Nxb7 Rc8 38. Rxe5 dxe5 39. Na5 Qxh3 40. Nc6+ Rxc6 41. Bxc6 1-0

[Event "SWE-chT2 1011"]
[Site "Sweden"]
[Date "2010.10.23"]
[Round "1"]
[White "Hammar, Ulf"]
[Black "Wenzel, Birger"]
[Result "1-0"]
[WhiteElo "2229"]
[BlackElo "2084"]
[PlyCount "91"]
[EventDate "2010.10.23"]
[EventType "team-tourn"]
[EventRounds "9"]
[EventCountry "SWE"]
[SourceTitle "EXT 2012"]
[Source "ChessBase"]
[SourceDate "2011.11.24"]
[SourceVersion "1"]
[SourceVersionDate "2011.11.24"]
[SourceQuality "1"]
[WhiteTeam "Umea Rockaden"]
[BlackTeam "Wasa"]
[WhiteTeamCountry "SWE"]
[BlackTeamCountry "SWE"]

1. d4 Nf6 2. Bg5 d5 3. e3 c6 4. Bxf6 exf6 5. g3 Bd6 6. Bg2 0-0 7. Ne2 Nd7 8. 0-0 f5 9. b3 Nf6 10. c4 Be6 11. c5 Bc7 12. Nbc3 Ne4 13. b4 Re8 14. b5 Ba5 15. Qc2 Rc8 16. Rab1 b6 17. Nxe4 fxe4 18. Rfc1 Re7 19. Nf4 Rec7 20. Nxe6 fxe6 21. Bh3 Qe8 22. Qa4 Kf7 23. Bf1 cxb5 24. Bxb5 Qe7 25. Ba6 Rd8 26. Rb5 h5 27. Rb2 Qd7 28. Bb5 Qe7 29. Rf1 Qg5 30. h4 Qh6 31. f4 Qf6 32. Rc2 Rdc8 33. Ba6 Rd8 34. cxb6 Bxb6 35. Rxc7+ Bxc7 36. Be2 Qg6 37. g4 Bb6 38. f5 exf5 39. Rxf5+ Kg8 40. Rxh5 Qf6 41. Qb3 Qd6 42. Qxd5+ Qxd5 43. Rxd5 Re8 44. Bc4 Kh7 45. Rh5+ Kg6 46. Rg5+ 1-0

[Event "Stockholm op"]
[Site "Stockholm"]
[Date "2010.08.18"]
[Round "5"]
[White "Hammar, Ulf"]
[Black "Jansson, Gilbert"]
[Result "1-0"]
[WhiteElo "2220"]
[BlackElo "1922"]
[PlyCount "91"]
[EventDate "2010.08.16"]
[EventType "swiss"]
[EventRounds "9"]
[EventCountry "SWE"]
[SourceTitle "CBM 137 Extra"]
[Source "ChessBase"]
[SourceDate "2010.09.01"]
[SourceVersion "1"]
[SourceVersionDate "2010.09.01"]
[SourceQuality "1"]

1. d4 Nf6 2. Bg5 d5 3. e3 Ne4 4. Bf4 Nd7 5. Bd3 Nef6 6. Nf3 g6 7. c4 Bg7 8. Nc3 c6 9. cxd5 Nxd5 10. Nxd5 cxd5 11. Qb3 Qa5+ 12. Ke2 0-0 13. Rhc1 Re8 14. Bc7 b6 15. Qb5 Qxb5 16. Bxb5 a5 17. Bc6 e6 18. Bxa8 Ba6+ 19. Ke1 Rxa8 20. Bd6 Nf6 21. Be5 a4 22. Rc6 Nd7 23. Bxg7 Kxg7 24. Rd6 Ra7 25. Ne5 Nxe5 26. dxe5 Rb7 27. b3 axb3 28. axb3 Bd3 29. Kd2 Bf5 30. f3 g5 31. Rc6 b5 32. b4 g4 33. Rc5 gxf3 34. gxf3 Bh3 35. Rc8 Kh6 36. Ke2 Bf5 37. Ra5 Kh5 38. Rc5 Rb8 39. Raxb5 Rg8 40. Kf2 Bh3 41. Rb7 Rg2+ 42. Ke1 Rxh2 43. Rxf7 Bf5 44. Rxf5+ exf5 45. Rxd5 Rb2 46. e6 1-0

[Event "Stockholm op"]
[Site "Stockholm"]
[Date "2010.08.16"]
[Round "2"]
[White "Duenas, Alexis"]
[Black "Hammar, Ulf"]
[Result "1/2-1/2"]
[WhiteElo "1929"]
[BlackElo "2220"]
[PlyCount "110"]
[EventDate "2010.08.16"]
[EventType "swiss"]
[EventRounds "9"]
[EventCountry "SWE"]
[SourceTitle "CBM 137 Extra"]
[Source "ChessBase"]
[SourceDate "2010.09.01"]
[SourceVersion "1"]
[SourceVersionDate "2010.09.01"]
[SourceQuality "1"]

1. d4 d5 2. c4 c6 3. cxd5 cxd5 4. Bf4 Nf6 5. Nc3 Qb6 6. e3 Bd7 7. Qb3 e6 8. Be2 Qxb3 9. axb3 Nc6 10. Nf3 Bb4 11. 0-0 0-0 12. Rfc1 Rfc8 13. Bd1 Nh5 14. Bg3 Nxg3 15. hxg3 Ne7 16. Ne5 Be8 17. Ne2 Rxc1 18. Rxc1 Rc8 19. Rxc8 Nxc8 20. Nc3 Kf8 21. Nd3 Bd6 22. Kf1 f6 23. Ke1 Bc6 24. Bg4 Ke7 25. Nf4 Bd7 26. Nd3 b6 27. Kd2 a6 28. Kc2 Na7 29. Bf3 Nc6 30. Be2 Bc8 31. Bg4 Bb7 32. Bf3 Nb4+ 33. Nxb4 Bxb4 34. Be2 Kd6 35. Bd3 g6 36. Be2 b5 37. Bd3 Ba5 38. Kd2 e5 39. Bc2 Bc8 40. f3 Bb6 41. Ne2 Be6 42. Bd3 Bf7 43. Bc2 h5 44. Bd3 g5 45. Bf5 Be6 46. Bxe6 Kxe6 47. g4 exd4 48. Nxd4+ Bxd4 49. exd4 hxg4 50. fxg4 f5 51. b4 fxg4 52. g3 Kd6 53. Kd3 Kc6 54. Kd2 Kb6 55. Kd3 Kc6 1/2-1/2

[Event "SWE-chT 0910"]
[Site "Sweden"]
[Date "2010.01.16"]
[Round "6"]
[White "Livner, Anders"]
[Black "Hammar, Ulf"]
[Result "1/2-1/2"]
[WhiteElo "2316"]
[BlackElo "2198"]
[PlyCount "138"]
[EventDate "2009.10.16"]
[EventType "team"]
[EventRounds "11"]
[EventCountry "SWE"]
[SourceTitle "EXT 2011"]
[Source "ChessBase"]
[SourceDate "2010.11.26"]
[SourceVersion "1"]
[SourceVersionDate "2010.11.26"]
[SourceQuality "1"]
[WhiteTeam "Farsta"]
[BlackTeam "Umea Rockaden"]
[WhiteTeamCountry "SWE"]
[BlackTeamCountry "SWE"]

1. d4 d5 2. c4 c6 3. Nc3 dxc4 4. e3 b5 5. a4 b4 6. Ne4 Qd5 7. Nd2 Ba6 8. Qc2 b3 9. Qc3 Nf6 10. Ngf3 e6 11. Bxc4 Bxc4 12. Nxc4 Na6 13. Qxb3 Rb8 14. Qc2 Bb4+ 15. Ncd2 0-0 16. 0-0 c5 17. e4 Qh5 18. Qc4 Nc7 19. e5 Nfd5 20. dxc5 Bxd2 21. Bxd2 Rxb2 22. Ba5 Rfb8 23. Rad1 h6 24. c6 R2b3 25. Bxc7 R8b4 26. Qe2 Nxc7 27. Rd8+ Kh7 28. Rd3 Rb2 29. Qd1 Qf5 30. Rd7 Rb1 31. Qd3 Qxd3 32. Rxd3 Nd5 33. g3 Rxf1+ 34. Kxf1 Rxa4 35. Nd4 Rc4 36. Ke2 Nb4 37. Rd2 Nxc6 38. Nxc6 Rxc6 39. Rd7 a5 40. Rxf7 Ra6 41. Rf3 a4 42. Ra3 Kg6 43. f4 Kf5 44. Kf3 g5 45. g4+ Kg6 46. Ke4 gxf4 47. Kxf4 h5 48. gxh5+ Kxh5 49. Rh3+ Kg6 50. Rg3+ Kf7 51. Ra3 Ra8 52. Kg5 Kg7 53. Kh5 Ra5 54. Kg4 Kg6 55. Kf4 Kf7 56. Kg4 Ke7 57. h4 Kf7 58. h5 Kg7 59. Kh4 Kh6 60. Kg4 Ra8 61. Kh4 Ra7 62. Kg4 Ra5 63. Kh4 Rxe5 64. Rxa4 Rxh5+ 65. Kg3 Rf5 66. Rh4+ Kg6 67. Rg4+ Kf6 68. Rf4 Ke5 69. Rxf5+ exf5 1/2-1/2

[Event "SWE-chT 0910"]
[Site "Sweden"]
[Date "2009.11.14"]
[Round "4"]
[White "Marttala, Thomas"]
[Black "Hammar, Ulf"]
[Result "1-0"]
[WhiteElo "2226"]
[BlackElo "2198"]
[PlyCount "107"]
[EventDate "2009.10.16"]
[EventType "team"]
[EventRounds "11"]
[EventCountry "SWE"]
[SourceTitle "EXT 2011"]
[Source "ChessBase"]
[SourceDate "2010.11.26"]
[SourceVersion "1"]
[SourceVersionDate "2010.11.26"]
[SourceQuality "1"]
[WhiteTeam "Upsala"]
[BlackTeam "Umea Rockaden"]
[WhiteTeamCountry "SWE"]
[BlackTeamCountry "SWE"]

1. e4 e6 2. Nc3 d5 3. Nf3 Nf6 4. exd5 exd5 5. d4 c6 6. Bd3 Bg4 7. h3 Bh5 8. 0-0 Be7 9. Re1 0-0 10. Bf4 Bd6 11. Be5 Bc7 12. g4 Bg6 13. Bxg6 hxg6 14. Qd2 Nbd7 15. Bxc7 Qxc7 16. Re2 Rfe8 17. Rae1 Rxe2 18. Rxe2 Re8 19. Rxe8+ Nxe8 20. Qe3 Qd8 21. Kg2 Nd6 22. b3 Nf8 23. Ng5 Qd7 24. f4 f6 25. Nf3 Qe6 26. Kf2 Kf7 27. Qxe6+ Nxe6 28. Ke3 Ke7 29. h4 Nf7 30. f5 gxf5 31. gxf5 Nc7 32. Ne2 Nb5 33. Kf4 a5 34. Nd2 Na3 35. c4 dxc4 36. Nxc4 Nxc4 37. bxc4 b5 38. c5 Nd8 39. Ke4 Nb7 40. Nf4 a4 41. Nd3 Na5 42. Nb4 Kd7 43. d5 Kc7 44. Kd4 a3 45. dxc6 Nc4 46. h5 Nd2 47. Kd5 Nf3 48. Nc2 Ne5 49. Nxa3 Nxc6 50. Nxb5+ Kd7 51. Nd4 Nb4+ 52. Kc4 Nxa2 53. Ne6 Ke7 54. Nxg7 1-0

[Event "SWE-chT2 0809"]
[Site "Sweden"]
[Date "2009.02.07"]
[Round "5"]
[White "Hammar, Ulf"]
[Black "Evertsson, Lennart"]
[Result "1/2-1/2"]
[WhiteElo "2280"]
[BlackElo "2228"]
[PlyCount "124"]
[EventDate "2008.10.25"]
[EventType "team-tourn"]
[EventRounds "9"]
[EventCountry "SWE"]
[SourceTitle "EXT 2011"]
[Source "ChessBase"]
[SourceDate "2010.11.26"]
[SourceVersion "1"]
[SourceVersionDate "2010.11.26"]
[SourceQuality "1"]

1. d4 e6 2. Nf3 c5 3. e3 Nf6 4. Bd3 Nc6 5. 0-0 d5 6. c3 Bd7 7. Nbd2 Qc7 8. a3 cxd4 9. exd4 Bd6 10. Re1 0-0-0 11. c4 h5 12. c5 Bf4 13. Nf1 g5 14. Bb5 Ne4 15. Bxc6 Bxc6 16. Bxf4 gxf4 17. Ne5 Be8 18. f3 Ng5 19. h4 Nh7 20. Qd2 Rg8 21. Qxf4 Rg7 22. Nd3 Qe7 23. c6 Bxc6 24. Rac1 Qc7 25. Qxc7+ Kxc7 26. Ne5 Nf8 27. Nxc6 bxc6 28. g3 Ng6 29. Kh2 Ne7 30. Ne3 Rdg8 31. Rg1 Rb8 32. Rg2 Rb3 33. Rc3 Rxc3 34. bxc3 c5 35. Rb2 cxd4 36. cxd4 Nc6 37. Rd2 Rg8 38. g4 Kd6 39. gxh5 Rh8 40. Kh3 f5 41. Kg3 a5 42. Ng2 Rxh5 43. Nf4 Rh7 44. h5 Ke7 45. Kh4 Kf6 46. Ne2 Rb7 47. Rc2 Ne7 48. Rc3 a4 49. Rc1 Rb3 50. Rc3 Rb1 51. f4 Rh1+ 52. Rh3 Re1 53. Nc3 Nc6 54. Rd3 Rg1 55. Kh3 Rg4 56. Nxa4 Rxf4 57. Rg3 Ne7 58. Nc5 Rxd4 59. Nd7+ Kf7 60. Ne5+ Kf6 61. Nd7+ Kf7 62. Ne5+ Kf6 1/2-1/2

[Event "Rilton Cup 38th"]
[Site "Stockholm"]
[Date "2009.01.03"]
[Round "7"]
[White "Tikkanen, Hans"]
[Black "Hammar, Ulf"]
[Result "1-0"]
[WhiteElo "2415"]
[BlackElo "2197"]
[PlyCount "87"]
[EventDate "2008.12.27"]
[EventType "swiss"]
[EventRounds "9"]
[EventCountry "SWE"]
[SourceTitle "CBM 128 Extra"]
[Source "ChessBase"]
[SourceDate "2009.03.05"]
[SourceVersion "2"]
[SourceVersionDate "2009.03.25"]
[SourceQuality "1"]

1. d4 d5 2. c4 c6 3. Nf3 Nf6 4. Nc3 dxc4 5. a4 Bf5 6. e3 e6 7. a5 Bb4 8. Qa4 Qe7 9. Bxc4 0-0 10. 0-0 Nbd7 11. Nh4 Ne4 12. Nxf5 exf5 13. Qb3 Ndf6 14. f3 Nxc3 15. bxc3 Bd6 16. g3 Rac8 17. Bd3 g6 18. e4 fxe4 19. fxe4 Nxe4 20. Bh6 Ng5 21. Kg2 Ne6 22. Bxf8 Rxf8 23. Rae1 Kg7 24. Bc4 Re8 25. Re2 Qd7 26. Bxe6 fxe6 27. Ref2 Re7 28. c4 c5 29. Qf3 Qc6 30. d5 Qe8 31. Qc3+ e5 32. Rf6 Bb8 33. Qb2 Qa4 34. Qf2 Qxc4 35. Rxg6+ hxg6 36. Qf8+ Kh7 37. Qxe7+ Kh6 38. Qf8+ Kh5 39. Rf3 Qe2+ 40. Kh3 Qe4 41. Qh8+ Kg5 42. Qh4+ Qxh4+ 43. gxh4+ Kh5 44. Rf8 1-0

[Event "SWE-chT2 0809"]
[Site "Sweden"]
[Date "2008.10.26"]
[Round "2"]
[White "Hammar, Ulf"]
[Black "Jonasson, Allan Ake Ingvar"]
[Result "1-0"]
[WhiteElo "2280"]
[BlackElo "1867"]
[PlyCount "69"]
[EventDate "2008.10.25"]
[EventType "team-tourn"]
[EventRounds "9"]
[EventCountry "SWE"]
[SourceTitle "EXT 2011"]
[Source "ChessBase"]
[SourceDate "2010.11.26"]
[SourceVersion "1"]
[SourceVersionDate "2010.11.26"]
[SourceQuality "1"]

1. d4 f5 2. Nc3 Nf6 3. Bg5 d5 4. Bxf6 exf6 5. e3 c6 6. Qf3 Bd6 7. Bd3 g6 8. Nge2 Qc7 9. Nf4 Bxf4 10. exf4 Be6 11. Qe3 Kf7 12. 0-0-0 Nd7 13. h3 Rae8 14. Rde1 b5 15. g4 fxg4 16. hxg4 Qb8 17. Bxg6+ Kxg6 18. f5+ Bxf5 19. Qh6+ Kf7 20. gxf5 Qd8 21. Reg1 Reg8 22. Qh5+ Ke7 23. Re1+ Kf8 24. Ne2 Rg5 25. Qh6+ Kg8 26. Nf4 Nf8 27. Rhg1 Kf7 28. Ne6 Nxe6 29. fxe6+ Ke7 30. Rxg5 fxg5 31. Qxg5+ Kd6 32. Qe5+ Ke7 33. Qg7+ Kd6 34. e7 Qe8 35. Qxh8 1-0

[Event "SWE-chT2 0708"]
[Site "Sweden"]
[Date "2008.03.08"]
[Round "8"]
[White "Al Saadi, Ali Ghazi"]
[Black "Hammar, Ulf"]
[Result "0-1"]
[WhiteElo "2128"]
[BlackElo "2098"]
[PlyCount "72"]
[EventDate "2007.10.20"]
[EventType "team"]
[EventRounds "9"]
[EventCountry "SWE"]
[SourceTitle "EXT 2009"]
[Source "ChessBase"]
[SourceDate "2008.11.26"]
[SourceVersion "1"]
[SourceVersionDate "2008.11.26"]
[SourceQuality "1"]
[WhiteTeam "Eksjo"]
[BlackTeam "Umea Rockaden"]
[WhiteTeamCountry "SWE"]
[BlackTeamCountry "SWE"]

1. e4 e6 2. d4 d5 3. Nd2 c5 4. Ngf3 Nc6 5. Bb5 cxd4 6. Nxd4 Bd7 7. N4b3 a6 8. Be2 Nf6 9. exd5 exd5 10. 0-0 Bd6 11. c4 Be6 12. cxd5 Bxd5 13. Bc4 0-0 14. Bxd5 Nxd5 15. Nf3 Be7 16. Nbd4 Nxd4 17. Qxd4 Bf6 18. Qg4 Qc8 19. Qh5 Nb4 20. Bg5 Qf5 21. Qh4 Bxg5 22. Nxg5 Nd3 23. b3 Rfe8 24. Nf3 Re4 25. Qg5 Qxg5 26. Nxg5 Re2 27. Rad1 Nc5 28. Rd5 b6 29. Rfd1 Rae8 30. Kf1 h6 31. Nf3 Rxa2 32. Rd8 Rxd8 33. Rxd8+ Kh7 34. Rd4 Nxb3 35. Rb4 Rb2 36. Ke1 Rb1+ 0-1

[Event "Taby Scandinavian op"]
[Site "Taby"]
[Date "2007.08.08"]
[Round "7"]
[White "Henriksson, Jacob"]
[Black "Hammar, Ulf"]
[Result "1-0"]
[WhiteElo "2222"]
[BlackElo "2161"]
[PlyCount "81"]
[EventDate "2007.08.04"]
[EventType "swiss"]
[EventRounds "9"]
[EventCountry "SWE"]
[SourceTitle "CBM 119 Extra"]
[Source "ChessBase"]
[SourceDate "2007.09.04"]
[SourceVersion "1"]
[SourceVersionDate "2007.09.04"]
[SourceQuality "1"]

1. d4 d5 2. Nf3 Nf6 3. g3 c6 4. Bg2 Bf5 5. 0-0 h6 6. c4 e6 7. Nc3 Nbd7 8. Nd2 Be7 9. e4 dxe4 10. Ndxe4 Nxe4 11. Nxe4 Nf6 12. Nc3 Qd7 13. d5 cxd5 14. cxd5 exd5 15. Nxd5 Rd8 16. Ne3 Qxd1 17. Rxd1 Rxd1+ 18. Nxd1 Be4 19. Be3 Bxg2 20. Kxg2 a6 21. Nc3 0-0 22. Rd1 Rd8 23. Rxd8+ Bxd8 24. Kf3 Kf8 25. Na4 Nd7 26. Ke4 Nf6+ 27. Kd3 Nd7 28. Bc5+ Be7 29. Kd4 Ke8 30. Bxe7 Kxe7 31. Nc5 Nxc5 32. Kxc5 Kd7 33. Kb6 Kc8 34. f4 Kb8 35. g4 Kc8 36. b4 Kb8 37. a4 Kc8 38. Ka7 Kc7 39. b5 a5 40. Ka8 f6 41. f5 1-0

[Event "SWE-chT 0607"]
[Site "Sweden"]
[Date "2007.01.20"]
[Round "6"]
[White "Hammar, Ulf"]
[Black "Livner, Anders"]
[Result "0-1"]
[WhiteElo "2146"]
[BlackElo "2374"]
[PlyCount "52"]
[EventDate "2006.10.20"]
[EventType "team"]
[EventRounds "11"]
[EventCountry "SWE"]
[SourceTitle "EXT 2009"]
[Source "ChessBase"]
[SourceDate "2008.11.26"]
[SourceVersion "1"]
[SourceVersionDate "2008.11.26"]
[SourceQuality "1"]
[WhiteTeam "Umea Rockaden"]
[BlackTeam "Stockholm Rockaden"]
[WhiteTeamCountry "SWE"]
[BlackTeamCountry "SWE"]

1. d4 d5 2. c4 dxc4 3. Nf3 Nf6 4. e3 e6 5. Bxc4 c5 6. 0-0 a6 7. Qe2 b5 8. Bb3 Bb7 9. Rd1 Nbd7 10. Nc3 Qb8 11. d5 c4 12. dxe6 fxe6 13. Bc2 Bd6 14. e4 0-0 15. b3 Ne5 16. Nd4 Neg4 17. g3 Nxf2 18. Qxf2 Bc5 19. e5 Qxe5 20. Bf4 Qh5 21. b4 Ba7 22. Bd6 e5 23. Bxf8 Rxf8 24. Nce2 Ng4 25. Nf4 Nxf2 26. Nxh5 Nh3# 0-1